00000000nam 2200000zi 4500
0019.954768
003CaOODSP
00520250903140038
006m     o  d f      
007cr cn|||||||||
008250903e20241021onc     ob   f000 0 fre d
040 |aCaOODSP|bfre|erda|cCaOODSP
043 |an-cn---
0861 |aRv55-8/10-13-1-2024F-PDF
24500|aClassement tarifaire des marchandises.
250 |a[Édition de 21 octobre 2024].
264 1|aOttawa : |bAgence des services frontaliers du Canada = Canada Border Services Agency, |c21 octobre 2024.
300 |a1 ressource en ligne (8 pages non numérotées).
336 |atexte|btxt|2rdacontent/fre
337 |ainformatique|bc|2rdamedia/fre
338 |aressource en ligne|bcr|2rdacarrier/fre
4901 |aMémorandum, |x2369-2405 ; |vD10-13-1
500 |aTitre de départ.
500 |aL'ISSN (2369-2391) imprimé dans cette publication est incorrect.
500 |aPublié aussi en anglais sous le titre : Tariff classification of goods.
500 |a« Mémorandum(s) précédent(s) D10-13-1 daté le 6 janvier 2022. »
504 |aComprend des références bibliographiques.
520 |a« Le présent mémorandum explique la méthodologie du classement des marchandises dans le Tarif des douanes » -- Page [1].
650 6|aTarif douanier|zCanada.
650 6|aTarif douanier|xNomenclature et classification.
7102 |aAgence des services frontaliers du Canada, |eorganisme de publication.
77508|tTariff classification of goods.|w(CaOODSP)9.954767
795 |tClassement tarifaire des marchandises.|b[Édition de 6 janvier 2022]|w(CaOODSP)9.912832
830#0|aMémorandum (Agence des services frontaliers du Canada)|x2369-2405 ; |vD10-13-1.|w(CaOODSP)9.816826
85640|qPDF|s257 Ko|uhttps://publications.gc.ca/collections/collection_2025/asfc-cbsa/Rv55-8-10-13-1-2024-fra.pdf